000 00608cam a22002053a 4500
001 40067
003 PGUSA
005 20140828083907.0
008 120623s2012||||xxu|||||s|||||000 | eng d
040 _aPGUSA
_beng
042 _adc
100 1 _aMears, James R.
245 1 4 _aThe Iron Boys on the Ore Boats ;
_bor, Roughing It on the Great Lakes
_h[electronic resource] /
_cJames R. Mears
260 _bProject Gutenberg,
_c2012
506 _aPublic domain in the USA.
516 _aElectronic text
830 0 _aProject Gutenberg
_v40067
856 4 0 _uhttp://www.gutenberg.org/ebooks/40067
942 _cEB
999 _c269320
_d269320